The ʻAbbāsid recovery /

محفوظ في:

المؤلف الرئيسي: Ṭabarī, 838?-923 (مؤلف)

مؤلفون آخرون: Fields, Philip M., Lassner, Jacob.

التنسيق: كتاب

اللغة: English
Arabic

منشور في: Albany, N.Y. : State University of New York Press, c1987.

سلاسل: Ṭabarī, 838?-923. Tārīkh al-rusul wa-al-mulūk. 37.
The history of al-Ṭabarī = Taʼrīkh al-rusul wa'l-mulūk ; 37.

الموضوعات:

الوسوم: إضافة وسم

لا توجد وسوم, كن أول من يضع وسما على هذه التسجيلة!

رقم الطلب: DS38.2 .T313 v.37

LEADER 01458namaa2200385 4500
001 20662
003 OSt
005 20260105110233.0
008 130303s1987 nyu b 001 0 eng d
010 |a 84016312 
020 |a 0887060536 
040 |c ARCE Library 
041 1 |a eng  |h ara 
043 |a aw-----  |a ff-----  |a a-iq--- 
050 4 |a DS38.2 .T313 v.37 
100 0 |6 880-01  |a Ṭabarī,  |d 838?-923,  |e author 
240 1 0 |a Tārīkh al-rusul wa-al-mulūk.  |k Selections.  |l English 
245 1 4 |a The ʻAbbāsid recovery /  |c translated by Philip M. Fields ; annotated by Jacob Lassner. 
264 1 |a Albany, N.Y. :   |b State University of New York Press,   |c c1987. 
300 |a xv, 195 pages ;  |c 24 cm. 
490 1 |a The History of al-Ṭabarī=  |a Taʼrīkh al-rusul wa'l-mulūk ;   |v 37. 
490 0 |a SUNY series in Near Eastern studies. 
490 0 |a Biblioteca Persica. 
504 |a Includes bibliographical references (pages [179]-182) and index. 
650 0 |a Slaves  |z Iraq  |x Early works to 1800. 
651 0 |a Iraq  |x History  |y 634-1534. 
651 0 |a Islamic Empire  |x History  |y 750-1258. 
700 1 |a Fields, Philip M. 
700 1 |a Lassner, Jacob.  |9 34486 
800 0 |a Ṭabarī,  |d 838?-923.  |t Tārīkh al-rusul wa-al-mulūk.  |l English ;   |v 37. 
830 4 |a The history of al-Ṭabarī = Taʼrīkh al-rusul wa'l-mulūk ;   |v 37. 
880 0 |6 100-01/(3/r  |a طبري،‪‪‪‪‪  |d 838?-923. 
901 |a reviewed 
942 |c BK  |2 lcc 
999 |c 17123  |d 17123